Most Visited Websites in the World - Statistics

General Stats
  • This quiz has been taken 130 times
  • The average score is 11 of 44
Answer Stats
Answer % Correct
Google
99%
YouTube
83%
Instagram
79%
Facebook
77%
Amazon
65%
Wikipedia
59%
Twitter
56%
TikTok
55%
Yahoo!
53%
Bing
43%
Netflix
43%
eBay
41%
Microsoft
36%
Reddit
35%
WhatsApp
33%
ChatGPT
29%
DuckDuckGo
19%
Temu
19%
LinkedIn
17%
Twitch
17%
Pinterest
13%
Baidu
11%
Gemini
10%
Telegram
9%
Roblox
8%
AliExpress
7%
Yandex
7%
Canva
5%
Samsung
5%
Fandom
4%
Booking.com
3%
Live
3%
Weather
3%
Bilibili
2%
VK
2%
Yahoo Japan
2%
Dzen News
1%
Mail.ru
1%
Microsoft 365
1%
Naver
1%
Sharepoint
1%
Yahoo! News Japan
1%
Decomo
0%
Globo
0%
No matching quizzes found
Score Distribution
Percent of People with Each Score
Percentile by Number Answered
Your Score History
You have not taken this quiz